• 首页
  • 本馆介绍
  • 公告通知
  • 最新文献
  • 馆藏检索
  • 电子资源
  • 读者导购
  • 参考咨询
  • 我的图书馆
  • 登录
  • 详细信息显示
  • 放入我的书架
  • 预约/预借图书
  • 作者相关作品
  • 分类相关作品
  • 丛书相关作品
  • 出版社相关作品

书目信息

  • 表格格式
  • 工作单格式
  • 卡片格式
题名:
动感单车
    
 
作者: 张颖 主编
分册:  
出版信息: 长春   吉林出版集团股份有限公司  2021.1
页数: 121页
开本: 23cm
丛书名: 全民健身计划系列丛书
单 册:
中图分类: G811.4
科图分类:
主题词: 室内健身器械--健身运动
电子资源:
ISBN: 978-7-5581-7969-3
000 00879nam2 2200277 450
001 012001001358
005 20141202141403.0
010    @a978-7-5581-7969-3@dCNY36.00
100    @a20220905d2020 em y0chiy50 ea
101 0  @achi
102    @aCN@b220000
105    @aa z 000yy
106    @ar
200 1  @a动感单车@Adong gan dan che@f张颖主编
210    @a长春@c吉林出版集团股份有限公司@d2021.1
215    @a121页@c彩图, 彩照@d23cm
225 2  @a全民健身计划系列丛书
312    @a封面英文题名:Spinning
330    @a本书综合介绍有关动感单车的知识和技能。全书内容共分五章,包括:运动保健、基本技术、骑行技术训练、家庭动感单车等。
410  0 @12001 @a全民健身计划系列丛书
510 1  @aSpinning@zeng
606 0  @a室内健身器械@x健身运动
690    @aG811.4@v5
701  0 @a张颖@Azhang ying@4主编
801  0 @aCN@bAHXH@c20221111
905    @b1363088-92@dG811.4@e334@f5
    
    动感单车/张颖主编.-长春:吉林出版集团股份有限公司,2021.1
    121页:彩图, 彩照;23cm.-(全民健身计划系列丛书)
    
    
    ISBN 978-7-5581-7969-3:CNY36.00
    本书综合介绍有关动感单车的知识和技能。全书内容共分五章,包括:运动保健、基本技术、骑行技术训练、家庭动感单车等。
●
相关链接 在E读中查询图书 在五车中查询图书 在当当中查询图书 在豆瓣中查询图书


正题名:动感单车     索取号:G811.4/334         预约/预借

序号 登录号 条形码 馆藏地/架位号 状态 备注
1 1363088   213630882   第一样本阅览室/ [索取号:G811.4/334] 在馆    
2 1363089   213630891   教育系资料室/ [索取号:G811.4/334] 在馆    
3 1363090   213630908   教育系资料室/ [索取号:G811.4/334] 在馆    
4 1363091   213630917   第四借阅区/ [索取号:G811.4/334] 在馆    
5 1363092   213630926   第四借阅区/ [索取号:G811.4/334] 在馆    
唐山师范学院图书馆 欢迎您!
大连网信软件有限公司© 版权所有